[Event "Ostrava Konik op-A"]
[Site "Ostrava"]
[Date "2016.05.05"]
[Round "6"]
[White "Benes, Miroslav"]
[Black "Kanak, Filip"]
[Result "1-0"]
[WhiteElo "2058"]
[BlackElo "2004"]
[PlyCount "139"]
[EventDate "2016.04.30"]
[EventType "swiss"]
[EventRounds "9"]
[EventCountry "CZE"]
[SourceTitle "CBM 172 Extra"]
[Source "ChessBase"]
[SourceDate "2016.06.21"]
[SourceVersion "1"]
[SourceVersionDate "2016.06.21"]
[SourceQuality "1"]

1. Nc3 d5 2. e4 d4 3. Nce2 e5 4. Ng3 Nf6 5. Bc4 Bd6 6. d3 0-0 7. Nf3 c5 8. 0-0 Nc6 9. a3 a6 10. Nh4 b5 11. Ba2 Ne7 12. Bg5 Ng6 13. Nhf5 Bxf5 14. Nxf5 h6 15. Bd2 Rc8 16. Qf3 c4 17. Nxd6 Qxd6 18. Bb4 Qd8 19. Bxf8 Qxf8 20. Qf5 Qc5 21. g3 Ne7 22. Qf3 Nc6 23. Qe2 c3 24. b4 Qe7 25. f4 Nd7 26. Qg4 Rf8 27. f5 Nf6 28. Qh3 Kh8 29. Rf2 Nh7 30. Qg2 f6 31. g4 Rb8 32. Bd5 Na7 33. h4 Rf8 34. Qh3 Nc8 35. Kh1 Nd6 36. Rg1 Nf7 37. Rfg2 Nfg5 38. hxg5 Nxg5 39. Qh5 Rb8 40. Ra1 Qf8 41. Qh4 Qe7 42. Rg3 Qf8 43. Qh2 Kh7 44. Qg1 Qe7 45. Qb1 Qc7 46. a4 a5 47. axb5 Rxb5 48. Qa2 axb4 49. Qc4 Qxc4 50. Bxc4 Rb8 51. Bb3 Rc8 52. Kg2 Rb8 53. Kf2 Rc8 54. Ke2 Rb8 55. Ra4 Rb7 56. Ra8 h5 57. gxh5 Rc7 58. Bg8+ Kh6 59. Bb3 Kh7 60. Rg1 Nh3 61. Rga1 Nf4+ 62. Kd1 Nxh5 63. Rb8 g6 64. Raa8 Kh6 65. Rh8+ Kg5 66. fxg6 Kxg6 67. Rag8+ Ng7 68. Rh1 Ra7 69. Rg1+ Kh7 70. R8xg7+ 1-0

[Event "Bohuslavice op rap 31st"]
[Site "Bohuslavice"]
[Date "2016.04.02"]
[Round "2"]
[White "Cvek, Robert"]
[Black "Kanak, Filip"]
[Result "1-0"]
[WhiteElo "2523"]
[BlackElo "2004"]
[PlyCount "77"]
[EventDate "2016.04.02"]
[EventType "swiss (rapid)"]
[EventRounds "9"]
[EventCountry "CZE"]
[SourceTitle "CBM 171 Extra"]
[Source "ChessBase"]
[SourceDate "2016.04.26"]
[SourceVersion "1"]
[SourceVersionDate "2016.04.26"]
[SourceQuality "1"]

1. c4 Nf6 2. Nc3 e6 3. Nf3 Bb4 4. Qc2 0-0 5. a3 Bxc3 6. Qxc3 b6 7. g3 Bb7 8. Bg2 d5 9. cxd5 exd5 10. 0-0 Nbd7 11. d4 Re8 12. Qc2 c5 13. dxc5 bxc5 14. Rd1 Qe7 15. e3 Rab8 16. Bd2 Bc6 17. b4 c4 18. Nd4 Rec8 19. Bc3 Nb6 20. b5 Bd7 21. a4 Ne4 22. Rdb1 Nxc3 23. Qxc3 Qc5 24. Rd1 Be6 25. Nc6 Rb7 26. Nd4 Rd7 27. Rdb1 Rdd8 28. Qb4 Qxb4 29. Rxb4 Nd7 30. Nc6 Re8 31. Nxa7 Ra8 32. Nc6 Nc5 33. a5 Nb3 34. Ra3 Kf8 35. a6 Rec8 36. b6 Rxc6 37. b7 Rcxa6 38. Rxa6 Rxa6 39. b8Q+ 1-0

[Event "Vsetin op 40th"]
[Site "Vsetin"]
[Date "2015.07.11"]
[Round "9"]
[White "Gnojek, Petr"]
[Black "Kanak, Filip"]
[Result "0-1"]
[WhiteElo "1859"]
[BlackElo "1935"]
[PlyCount "132"]
[EventDate "2015.07.04"]
[EventType "swiss"]
[EventRounds "9"]
[EventCountry "CZE"]
[SourceTitle "CBM 167 Extra"]
[Source "ChessBase"]
[SourceDate "2015.09.14"]
[SourceVersion "1"]
[SourceVersionDate "2015.09.14"]
[SourceQuality "1"]

1. d4 Nf6 2. c4 e6 3. Nf3 b6 4. g3 Ba6 5. Qa4 c6 6. Nc3 Be7 7. Bg2 0-0 8. 0-0 d5 9. cxd5 Nxd5 10. Nxd5 cxd5 11. Re1 Qc8 12. Bf4 Qc6 13. Qxc6 Nxc6 14. Rac1 Rac8 15. a3 Na5 16. Nd2 Rxc1 17. Rxc1 Bxe2 18. Rc7 Bf6 19. Rxa7 Bxd4 20. b4 Nc4 21. Nxc4 Bxc4 22. Bf1 e5 23. Be3 Bxe3 24. fxe3 b5 25. Bxc4 dxc4 26. Rc7 Ra8 27. Rc5 f6 28. Rxb5 Rc8 29. Rd5 c3 30. Rd1 Ra8 31. Ra1 c2 32. Rc1 Rxa3 33. Rxc2 Rxe3 34. Rb2 Rd3 35. Kf2 Rd7 36. Ke3 Kf7 37. b5 Ke6 38. Rb3 Rb7 39. h4 Kd5 40. Rd3+ Kc5 41. Rb3 Rxb5 42. Rc3+ Kd6 43. Kf3 g6 44. g4 Rb4 45. Kg3 h5 46. gxh5 gxh5 47. Re3 Kd5 48. Ra3 Rg4+ 49. Kh3 Ke4 50. Ra4+ Kf5 51. Ra3 Kf4 52. Ra1 Rg3+ 53. Kh2 e4 54. Rf1+ Rf3 55. Rg1 e3 56. Ra1 Kg4 57. Kg2 Rg3+ 58. Kf1 Kxh4 59. Ke2 f5 60. Rf1 Kg4 61. Ra1 f4 62. Ra8 Rg2+ 63. Kf1 Kf3 64. Re8 e2+ 65. Ke1 Rg1+ 66. Kd2 Rd1+ 0-1

[Event "Vsetin op 40th"]
[Site "Vsetin"]
[Date "2015.07.06"]
[Round "3"]
[White "Kanak, Filip"]
[Black "Hastik, Svatopluk"]
[Result "0-1"]
[WhiteElo "1935"]
[BlackElo "2052"]
[PlyCount "94"]
[EventDate "2015.07.04"]
[EventType "swiss"]
[EventRounds "9"]
[EventCountry "CZE"]
[SourceTitle "CBM 167 Extra"]
[Source "ChessBase"]
[SourceDate "2015.09.14"]
[SourceVersion "1"]
[SourceVersionDate "2015.09.14"]
[SourceQuality "1"]

1. e4 d5 2. exd5 Qxd5 3. Nc3 Qd6 4. Nf3 Nf6 5. d4 a6 6. h3 e6 7. g3 b5 8. Bg2 Bb7 9. 0-0 Be7 10. Bf4 Qb6 11. Qd3 0-0 12. Rad1 Rd8 13. Be5 Nbd7 14. Rfe1 Nxe5 15. Nxe5 Bxg2 16. Kxg2 c5 17. Ne2 cxd4 18. Nxd4 Bc5 19. Nef3 Ra7 20. c3 Rad7 21. Qc2 Rd5 22. b4 Bxd4 23. Rxd4 Qb7 24. Red1 Qc6 25. Kg1 Rc8 26. R1d3 g6 27. Rxd5 Nxd5 28. Nd4 Qc4 29. a4 bxa4 30. Rd2 Qxc3 31. Qxc3 Rxc3 32. Ra2 Rc4 33. Nc2 Nxb4 34. Rxa4 Rxc2 35. Rxb4 Ra2 36. Rb8+ Kg7 37. Ra8 a5 38. Kf1 a4 39. Ke1 a3 40. Kd1 Ra1+ 41. Kc2 a2 42. Kb2 Rf1 43. f4 Rf3 44. g4 Rxf4 45. Kxa2 Rf2+ 46. Kb1 Rf3 47. h4 Rf4 0-1

[Event "Vsetin op 40th"]
[Site "Vsetin"]
[Date "2015.07.06"]
[Round "4"]
[White "Strebkovs, Andrejs"]
[Black "Kanak, Filip"]
[Result "1-0"]
[WhiteElo "2356"]
[BlackElo "1935"]
[PlyCount "75"]
[EventDate "2015.07.04"]
[EventType "swiss"]
[EventRounds "9"]
[EventCountry "CZE"]
[SourceTitle "CBM 167 Extra"]
[Source "ChessBase"]
[SourceDate "2015.09.14"]
[SourceVersion "1"]
[SourceVersionDate "2015.09.14"]
[SourceQuality "1"]

1. d4 Nf6 2. Nf3 e6 3. g3 d5 4. Bg2 Nbd7 5. 0-0 Be7 6. b3 0-0 7. c4 c6 8. Nc3 b6 9. Qd3 Ba6 10. Rd1 Rc8 11. e4 Nxe4 12. Nxe4 dxe4 13. Qxe4 Nf6 14. Qc2 Qc7 15. Bf4 Bd6 16. Bxd6 Qxd6 17. c5 Qc7 18. Rac1 b5 19. b4 Rcd8 20. Ne5 Nd5 21. Qb2 f6 22. Nf3 Bc8 23. Re1 a5 24. a3 Bd7 25. Nd2 axb4 26. axb4 Ra8 27. Ra1 Qb7 28. Ne4 Rxa1 29. Rxa1 Ra8 30. Nd6 Qb8 31. Ra5 Rxa5 32. bxa5 Qa7 33. Bxd5 exd5 34. Qd2 Bh3 35. Qe1 Qa8 36. Qe7 h6 37. Ne8 Qxa5 38. Qxg7# 1-0

[Event "Vsetin op 40th"]
[Site "Vsetin"]
[Date "2015.07.04"]
[Round "1"]
[White "Kanak, Filip"]
[Black "Obsivac, Josef"]
[Result "0-1"]
[WhiteElo "1935"]
[BlackElo "2318"]
[PlyCount "120"]
[EventDate "2015.07.04"]
[EventType "swiss"]
[EventRounds "9"]
[EventCountry "CZE"]
[SourceTitle "CBM 167 Extra"]
[Source "ChessBase"]
[SourceDate "2015.09.14"]
[SourceVersion "1"]
[SourceVersionDate "2015.09.14"]
[SourceQuality "1"]

1. e4 c5 2. Nf3 d6 3. d4 cxd4 4. Nxd4 Nf6 5. Nc3 a6 6. Be2 e6 7. Be3 b5 8. Bf3 e5 9. Nf5 g6 10. Ng3 Bb7 11. Qd2 h5 12. Bg5 Be7 13. h4 Nbd7 14. a3 Qc7 15. 0-0 Rc8 16. Rad1 Qb8 17. Rfe1 Rc4 18. Qe3 Rc8 19. Nf1 Nc5 20. Qd2 Ne6 21. Bxf6 Bxf6 22. Qxd6 Qxd6 23. Rxd6 Bxh4 24. Rd2 Bg5 25. Ne3 Nd4 26. Ncd5 0-0 27. c3 Ne6 28. g3 Rfd8 29. Red1 Kg7 30. Bg2 Rb8 31. Re2 a5 32. Rf1 Bxe3 33. Rxe3 Nc5 34. Rd1 Rd6 35. b4 axb4 36. cxb4 Ne6 37. Rc1 Rc8 38. Rxc8 Bxc8 39. Rc3 Bd7 40. Bf1 Bc6 41. Bg2 Bd7 42. Bf1 g5 43. Ne3 Nd4 44. Rc5 f6 45. Nf5+ Bxf5 46. exf5 Ra6 47. Bxb5 Rxa3 48. Rc7+ Kh6 49. Bf1 g4 50. b5 Rb3 51. Rb7 Kg5 52. b6 Kxf5 53. Rb8 Nc6 54. Re8 e4 55. Bg2 Rb1+ 56. Kh2 Ne5 57. Rb8 Nf3+ 58. Bxf3 gxf3 59. Rh8 e3 60. fxe3 f2 0-1

[Event "CZE-ch U20 sf"]
[Site "Frydek Mistek"]
[Date "2014.11.21"]
[Round "8"]
[White "Kanak, Filip"]
[Black "Kuchar, Matej"]
[Result "1-0"]
[WhiteElo "1982"]
[BlackElo "1878"]
[PlyCount "111"]
[EventDate "2014.11.16"]
[EventType "swiss"]
[EventRounds "9"]
[EventCountry "CZE"]
[SourceTitle "CBM 163 Extra"]
[Source "ChessBase"]
[SourceDate "2014.12.23"]
[SourceVersion "1"]
[SourceVersionDate "2014.12.23"]
[SourceQuality "1"]

1. e4 c5 2. Nf3 g6 3. d4 cxd4 4. Nxd4 Nc6 5. Nc3 Bg7 6. Be3 Nf6 7. Bc4 0-0 8. Bb3 d6 9. f3 Bd7 10. Qd2 Rc8 11. h4 Ne5 12. Bh6 Bxh6 13. Qxh6 Qa5 14. 0-0-0 Rxc3 15. bxc3 Qxc3 16. Kb1 Nc4 17. Bxc4 Qxc4 18. Qe3 Rc8 19. Qb3 Qa6 20. Qb2 b5 21. g4 Qb6 22. h5 a5 23. hxg6 fxg6 24. g5 Nh5 25. Nf5 Bxf5 26. exf5 Rc4 27. a3 Qc5 28. Rde1 Kf7 29. f6 e6 30. Rhg1 Rc3 31. Qa2 d5 32. Qb2 Rxa3 33. Qe5 Qb4+ 34. Kc1 Qf4+ 35. Qxf4 Nxf4 36. Rh1 Nh5 37. f4 Rf3 38. Ref1 Rxf1+ 39. Rxf1 Nxf6 40. gxf6 Kxf6 41. Kd2 Kf5 42. Ke3 h5 43. Kf3 g5 44. fxg5 Kxg5 45. Rh1 h4 46. Ra1 Kf5 47. Rxa5 Ke5 48. Rxb5 Kd4 49. Rb4+ Kc3 50. Rxh4 Kxc2 51. Rh5 d4 52. Rh6 d3 53. Rh2+ Kc3 54. Ke3 e5 55. Rd2 e4 56. Rh2 1-0

[Event "CZE-ch U20 sf"]
[Site "Frydek Mistek"]
[Date "2014.11.19"]
[Round "5"]
[White "Kanak, Filip"]
[Black "Vasicek, Tomas"]
[Result "1-0"]
[WhiteElo "1982"]
[BlackElo "1684"]
[PlyCount "75"]
[EventDate "2014.11.16"]
[EventType "swiss"]
[EventRounds "9"]
[EventCountry "CZE"]
[SourceTitle "CBM 163 Extra"]
[Source "ChessBase"]
[SourceDate "2014.12.23"]
[SourceVersion "1"]
[SourceVersionDate "2014.12.23"]
[SourceQuality "1"]

1. e4 c6 2. d4 d5 3. e5 Bf5 4. Nf3 e6 5. Be2 c5 6. c3 Qb6 7. 0-0 Nc6 8. Qa4 a6 9. Nbd2 h6 10. Re1 Qa7 11. Nf1 b5 12. Qd1 cxd4 13. Nxd4 Nxd4 14. cxd4 Bb4 15. a4 Bxe1 16. axb5 Bxf2+ 17. Kxf2 a5 18. Qa4 Kf8 19. Bd2 Ne7 20. Bxa5 Kg8 21. b6 Qb7 22. Rc1 Rc8 23. Rc7 Rxc7 24. bxc7 Kh7 25. Qb5 Qa8 26. Bb4 Nc8 27. Qa6 Qxa6 28. Bxa6 Bc2 29. Bc5 Ba4 30. b4 Bd7 31. b5 h5 32. Nd2 f6 33. b6 Nxb6 34. Bxb6 Bc8 35. Bxc8 Rxc8 36. Nb3 fxe5 37. dxe5 Kg6 38. Nd4 1-0

[Event "CZE-ch U20 sf"]
[Site "Frydek Mistek"]
[Date "2014.11.18"]
[Round "4"]
[White "Bulockin, Martin"]
[Black "Kanak, Filip"]
[Result "1/2-1/2"]
[WhiteElo "1695"]
[BlackElo "1982"]
[PlyCount "97"]
[EventDate "2014.11.16"]
[EventType "swiss"]
[EventRounds "9"]
[EventCountry "CZE"]
[SourceTitle "CBM 163 Extra"]
[Source "ChessBase"]
[SourceDate "2014.12.23"]
[SourceVersion "1"]
[SourceVersionDate "2014.12.23"]
[SourceQuality "1"]

1. e4 c5 2. Nf3 e6 3. d4 cxd4 4. Nxd4 Nf6 5. Nc3 Nc6 6. Ndb5 Bb4 7. Bg5 a6 8. Nd6+ Ke7 9. Nc4 b5 10. Ne3 Qa5 11. Qd2 Bxc3 12. bxc3 h6 13. Bxf6+ gxf6 14. c4 Qxd2+ 15. Kxd2 bxc4 16. Bxc4 Bb7 17. f3 Rhg8 18. Rab1 Na5 19. Bd3 Ra7 20. Rb2 Bc6 21. Rhb1 Nb7 22. Bf1 Rg5 23. Rb6 Ra5 24. R1b2 Nd6 25. Nc4 Nxc4+ 26. Bxc4 Rg5 27. Bf1 Bb5 28. Ke1 Rc5 29. Bxb5 axb5 30. Kd2 Ra5 31. Kd3 Ra3+ 32. Kd2 Ra5 33. Kd3 Rh5 34. h3 Rg5 35. c3 Rc5 36. Rb8 f5 37. exf5 Rxf5 38. Rc8 Rd5+ 39. Ke2 Ra4 40. Rc2 Rg5 41. Kf2 Rc4 42. Rxc4 bxc4 43. Ke3 Ra5 44. Kd4 d5 45. Re2 Kf6 46. f4 Kf5 47. g3 h5 48. Re5+ Kf6 49. Re2 1/2-1/2

[Event "CZE-ch U20 sf"]
[Site "Frydek Mistek"]
[Date "2014.11.16"]
[Round "1"]
[White "Kanak, Filip"]
[Black "Kraus, Tomas"]
[Result "0-1"]
[WhiteElo "1982"]
[BlackElo "2394"]
[PlyCount "98"]
[EventDate "2014.11.16"]
[EventType "swiss"]
[EventRounds "9"]
[EventCountry "CZE"]
[SourceTitle "CBM 163 Extra"]
[Source "ChessBase"]
[SourceDate "2014.12.23"]
[SourceVersion "1"]
[SourceVersionDate "2014.12.23"]
[SourceQuality "1"]

1. e4 c5 2. Nf3 d6 3. d4 cxd4 4. Nxd4 Nf6 5. Nc3 a6 6. Be2 e5 7. Nb3 Be7 8. Bg5 Nbd7 9. Bc4 0-0 10. Bxf6 Nxf6 11. Bd5 Nxd5 12. Nxd5 f5 13. 0-0 Be6 14. f3 Bg5 15. Qd3 Qb8 16. Kh1 b6 17. Rad1 Qb7 18. Nb4 a5 19. Nd5 a4 20. Na1 b5 21. c3 Rf7 22. Nc2 Raf8 23. Ncb4 fxe4 24. fxe4 Bg4 25. Rb1 Bh5 26. Rxf7 Qxf7 27. h3 Qf2 28. Qxb5 h6 29. Qd7 Qe2 30. Ne7+ Bxe7 31. Qxe7 Qxe4 32. Rg1 Rf2 33. Qxd6 Rxb2 34. Nd5 Kh7 35. Qd7 Rf2 36. Ne7 Bf3 37. Qf5+ Qxf5 38. Nxf5 Bc6 39. Ne7 Bb7 40. Rb1 Bxg2+ 41. Kg1 Rxa2 42. Rc1 a3 43. Nf5 Bxh3 44. Ne3 Re2 45. Nd5 a2 46. c4 Rg2+ 47. Kh1 Rc2 48. Ra1 Bg2+ 49. Kg1 Bxd5 0-1

[Event "Pobeskydy op"]
[Site "Frydek Mistek"]
[Date "2014.04.18"]
[Round "4"]
[White "Kanak, Filip"]
[Black "Djaballah, Farouk"]
[Result "0-1"]
[WhiteElo "1831"]
[BlackElo "2049"]
[PlyCount "38"]
[EventDate "2014.04.17"]
[EventType "swiss"]
[EventRounds "9"]
[EventCountry "CZE"]
[SourceTitle "CBM 159 Extra"]
[Source "ChessBase"]
[SourceDate "2014.04.24"]
[SourceVersion "1"]
[SourceVersionDate "2014.04.24"]
[SourceQuality "1"]

1. e4 c5 2. Nf3 d6 3. d4 cxd4 4. Nxd4 Nf6 5. Nc3 a6 6. Bg5 e6 7. Be2 Be7 8. Qd2 0-0 9. h4 b5 10. Bf3 Nfd7 11. 0-0-0 Nb6 12. Bxe7 Qxe7 13. g4 Nc4 14. Qd3 Bb7 15. g5 Nd7 16. Bg4 Rac8 17. f3 Ndb6 18. b3 d5 19. exd5 Qa3+ 0-1

[Event "Morava-ch U16"]
[Site "Kouty nad Desnou"]
[Date "2012.10.24"]
[Round "2"]
[White "Dvorak, Adam"]
[Black "Kanak, Filip"]
[Result "1-0"]
[WhiteElo "2030"]
[BlackElo "1748"]
[PlyCount "57"]
[EventDate "2012.10.24"]
[EventType "swiss"]
[EventRounds "9"]
[EventCountry "CZE"]
[SourceTitle "EXT 2015"]
[Source "ChessBase"]
[SourceDate "2014.11.20"]
[SourceVersion "1"]
[SourceVersionDate "2014.11.20"]
[SourceQuality "1"]

1. d4 Nf6 2. c4 e6 3. Nc3 Bb4 4. e3 b6 5. Be2 Bb7 6. Bf3 Bxf3 7. Qxf3 d5 8. Nge2 0-0 9. 0-0 c5 10. b3 Nc6 11. Rd1 cxd4 12. exd4 h6 13. Bb2 Ne7 14. Rac1 Rc8 15. Na4 Ng6 16. c5 bxc5 17. dxc5 Nd7 18. Qe3 Qe7 19. Qd4 Nde5 20. Qxb4 Qg5 21. Bxe5 Qxe5 22. Qd2 Rfd8 23. b4 Nh4 24. Qe3 Qf6 25. b5 Nf5 26. Qf3 d4 27. c6 Rd5 28. b6 Qd8 29. c7 1-0

[Event "Liptovsky Mikulas CupT U20"]
[Site "Liptovsky Mikulas"]
[Date "2012.06.27"]
[Round "9.2"]
[White "Grinblat, Artemiy"]
[Black "Kanak, Filip"]
[Result "1-0"]
[WhiteElo "1983"]
[BlackElo "1675"]
[PlyCount "41"]
[EventDate "2012.06.22"]
[EventType "team-swiss"]
[EventRounds "9"]
[EventCountry "SVK"]
[SourceTitle "CBM 149 Extra"]
[Source "ChessBase"]
[SourceDate "2012.08.24"]
[SourceVersion "1"]
[SourceVersionDate "2012.08.24"]
[SourceQuality "1"]
[WhiteTeam "St Petersburg"]
[BlackTeam "Beskydy Chess School"]
[WhiteTeamCountry "RUS"]
[BlackTeamCountry "CZE"]

1. e4 c5 2. c3 d5 3. exd5 Qxd5 4. d4 cxd4 5. cxd4 Nf6 6. Nc3 Qd8 7. Nf3 Bg4 8. Be2 e6 9. 0-0 Bd6 10. Qb3 b6 11. Bb5+ Nbd7 12. Ne5 0-0 13. h3 Bf5 14. g4 Bxg4 15. hxg4 Nxg4 16. Nxg4 Qh4 17. Be2 h5 18. Ne4 Bc7 19. Bg5 Bh2+ 20. Kg2 Qxg4+ 21. Bxg4 1-0

[Event "Liptovsky Mikulas CupT U20"]
[Site "Liptovsky Mikulas"]
[Date "2012.06.23"]
[Round "2.2"]
[White "Galovicova, Slavomira"]
[Black "Kanak, Filip"]
[Result "1/2-1/2"]
[WhiteElo "1648"]
[BlackElo "1675"]
[PlyCount "53"]
[EventDate "2012.06.22"]
[EventType "team-swiss"]
[EventRounds "9"]
[EventCountry "SVK"]
[SourceTitle "CBM 149 Extra"]
[Source "ChessBase"]
[SourceDate "2012.08.24"]
[SourceVersion "1"]
[SourceVersionDate "2012.08.24"]
[SourceQuality "1"]
[WhiteTeam "V4 International"]
[BlackTeam "Beskydy Chess School"]
[WhiteTeamCountry "SVK"]
[BlackTeamCountry "CZE"]

1. e4 c5 2. Nf3 Nc6 3. d4 cxd4 4. Nxd4 g6 5. Nc3 Bg7 6. Nf3 d6 7. Bc4 Nf6 8. Be3 0-0 9. Qd2 Bd7 10. 0-0-0 a6 11. Bh6 b5 12. Bxg7 Kxg7 13. Bd5 Qb6 14. h4 h5 15. Ng5 Rac8 16. f4 Nb4 17. Bb3 Ng4 18. Rde1 a5 19. a3 Nc6 20. Nd5 Qa7 21. Nf3 b4 22. a4 Qc5 23. Ne3 Nf6 24. Nd5 Ng4 25. Ne3 Nf6 26. Nd5 Ng4 27. Ne3 1/2-1/2

[Event "Liptovsky Mikulas CupT U20"]
[Site "Liptovsky Mikulas"]
[Date "2012.06.23"]
[Round "3.2"]
[White "Kanak, Filip"]
[Black "Spacek, Marcel"]
[Result "1/2-1/2"]
[WhiteElo "1675"]
[BlackElo "1852"]
[PlyCount "103"]
[EventDate "2012.06.22"]
[EventType "team-swiss"]
[EventRounds "9"]
[EventCountry "SVK"]
[SourceTitle "CBM 149 Extra"]
[Source "ChessBase"]
[SourceDate "2012.08.24"]
[SourceVersion "1"]
[SourceVersionDate "2012.08.24"]
[SourceQuality "1"]
[WhiteTeam "Beskydy Chess School"]
[BlackTeam "Osuske II"]
[WhiteTeamCountry "CZE"]
[BlackTeamCountry "SVK"]

1. e4 c5 2. Nf3 e6 3. d4 cxd4 4. Nxd4 a6 5. Nc3 b5 6. a3 Bb7 7. Bd3 Qb6 8. Be3 Bc5 9. Nce2 e5 10. Nf5 Bxe3 11. Nxe3 Nf6 12. Ng3 0-0 13. 0-0 Nc6 14. c3 a5 15. Qe2 b4 16. Nd5 Nxd5 17. exd5 Ne7 18. Qxe5 Nxd5 19. Nf5 Nf6 20. Qg3 g6 21. Nh6+ Kh8 22. Ng4 Nxg4 23. Qxg4 bxc3 24. bxc3 Bc6 25. Rab1 Qc5 26. Qd4+ Qxd4 27. cxd4 Rab8 28. f3 a4 29. Rxb8 Rxb8 30. Rb1 Rxb1+ 31. Bxb1 Kg7 32. Kf2 Kf6 33. Ke3 Ke7 34. Bd3 Kd6 35. Bc4 f6 36. Kd3 h6 37. Bf7 g5 38. Bc4 f5 39. Kc3 g4 40. fxg4 fxg4 41. g3 Bd5 42. Bb5 Bc6 43. Kb4 Kd5 44. Bxa4 Kxd4 45. Bb5 Bxb5 46. Kxb5 d5 47. a4 Ke3 48. a5 d4 49. a6 d3 50. a7 d2 51. a8Q d1Q 52. Qe8+ 1/2-1/2

[Event "Liptovsky Mikulas CupT U20"]
[Site "Liptovsky Mikulas"]
[Date "2012.06.22"]
[Round "1.2"]
[White "Kanak, Filip"]
[Black "Jozefek, Michal"]
[Result "1/2-1/2"]
[WhiteElo "1675"]
[BlackElo "2043"]
[PlyCount "116"]
[EventDate "2012.06.22"]
[EventType "team-swiss"]
[EventRounds "9"]
[EventCountry "SVK"]
[SourceTitle "CBM 149 Extra"]
[Source "ChessBase"]
[SourceDate "2012.08.24"]
[SourceVersion "1"]
[SourceVersionDate "2012.08.24"]
[SourceQuality "1"]
[WhiteTeam "Beskydy Chess School"]
[BlackTeam "Osuske"]
[WhiteTeamCountry "CZE"]
[BlackTeamCountry "SVK"]

1. e4 c5 2. Nf3 Nc6 3. d4 cxd4 4. Nxd4 g6 5. Nc3 Bg7 6. Be3 Nf6 7. f3 0-0 8. Bc4 Qa5 9. Qd2 Qb4 10. Bb3 Nxd4 11. Qxd4 Qxd4 12. Bxd4 d6 13. 0-0-0 Bd7 14. h4 h5 15. Nd5 Nxd5 16. exd5 Bh6+ 17. Kb1 Rfe8 18. Rhe1 Bf4 19. Bf2 a5 20. g3 Be5 21. f4 Bf6 22. Bd4 Kg7 23. c3 Rac8 24. Rd2 a4 25. Bc2 a3 26. Bxf6+ Kxf6 27. Re3 axb2 28. Kxb2 Rc5 29. Bb3 Bb5 30. Rd4 Rec8 31. Rde4 R8c7 32. Rb4 Bc4 33. Bxc4 Rxc4 34. Rxc4 Rxc4 35. Kb3 Rc5 36. Rd3 Kf5 37. Rd4 Rb5+ 38. Rb4 Rxb4+ 39. cxb4 Ke4 40. Kc4 e6 41. dxe6 fxe6 42. a4 d5+ 43. Kc3 Ke3 44. Kc2 d4 45. Kd1 Kd3 46. b5 Kc4 47. Kd2 d3 48. b6 Kc5 49. Kxd3 Kxb6 50. Kd4 Ka5 51. Kc5 Kxa4 52. Kb6 Kb4 53. Kxb7 Kc5 54. Kc7 Kd5 55. Kd7 e5 56. fxe5 Kxe5 57. Ke7 Kf5 58. Kf7 g5 1/2-1/2

[Event "Ostrava Konik op-B"]
[Site "Ostrava"]
[Date "2012.05.02"]
[Round "5"]
[White "Kanak, Filip"]
[Black "Brazina, David"]
[Result "1/2-1/2"]
[WhiteElo "1753"]
[BlackElo "1936"]
[PlyCount "50"]
[EventDate "2012.04.28"]
[EventType "swiss"]
[EventRounds "9"]
[EventCountry "CZE"]
[SourceTitle "CBM 148 Extra"]
[Source "ChessBase"]
[SourceDate "2012.06.22"]
[SourceVersion "1"]
[SourceVersionDate "2012.06.22"]
[SourceQuality "1"]

1. e4 c5 2. Nf3 Nc6 3. d4 cxd4 4. Nxd4 Nf6 5. Nc3 e5 6. Ndb5 d6 7. Bg5 a6 8. Na3 b5 9. Bxf6 gxf6 10. Nd5 f5 11. Bd3 Be6 12. c4 b4 13. Nc2 f4 14. 0-0 Rg8 15. Kh1 Bg4 16. Be2 h5 17. Ncxb4 Nxb4 18. Nxb4 Qg5 19. Rg1 Rb8 20. Nd3 f5 21. Bxg4 hxg4 22. Qa4+ Kf7 23. Qd7+ Be7 24. Qxf5+ Qxf5 25. exf5 Rh8 1/2-1/2

[Event "CZE-ch U16"]
[Site "Kouty nad Desnou"]
[Date "2012.03.17"]
[Round "9"]
[White "Machan, Jan"]
[Black "Kanak, Filip"]
[Result "1-0"]
[WhiteElo "2000"]
[BlackElo "1753"]
[PlyCount "71"]
[EventDate "2012.03.10"]
[EventType "swiss"]
[EventRounds "9"]
[EventCountry "CZE"]
[SourceTitle "EXT 2013"]
[Source "ChessBase"]
[SourceDate "2012.11.22"]
[SourceVersion "1"]
[SourceVersionDate "2012.11.22"]
[SourceQuality "1"]

1. e4 c5 2. Nf3 Nc6 3. d4 cxd4 4. Nxd4 g6 5. c4 Bg7 6. Be3 Nf6 7. Nc3 0-0 8. Be2 d6 9. 0-0 Bd7 10. Rc1 Rc8 11. b3 Qa5 12. f3 Ne5 13. Qd2 a6 14. Nd5 Qxd2 15. Nxe7+ Kh8 16. Bxd2 Rce8 17. Nd5 Nxd5 18. cxd5 f5 19. Rc7 fxe4 20. fxe4 Rxf1+ 21. Kxf1 b5 22. Bb4 Bf8 23. Nf3 Nxf3 24. Bxf3 Bc8 25. Ke2 Kg8 26. Kd3 Rd8 27. Bc3 Re8 28. Bf6 Bh6 29. b4 Bf8 30. g4 h6 31. h4 g5 32. h5 a5 33. bxa5 b4 34. Ra7 Bxg4 35. Bxg4 Rb8 36. Be6# 1-0

[Event "CZE-ch U16"]
[Site "Kouty nad Desnou"]
[Date "2012.03.14"]
[Round "6"]
[White "Skalicky, Tomas"]
[Black "Kanak, Filip"]
[Result "1-0"]
[WhiteElo "1913"]
[BlackElo "1753"]
[PlyCount "61"]
[EventDate "2012.03.10"]
[EventType "swiss"]
[EventRounds "9"]
[EventCountry "CZE"]
[SourceTitle "EXT 2013"]
[Source "ChessBase"]
[SourceDate "2012.11.22"]
[SourceVersion "1"]
[SourceVersionDate "2012.11.22"]
[SourceQuality "1"]

1. d4 Nf6 2. Nf3 e6 3. Bg5 d5 4. e3 Be7 5. Bd3 0-0 6. 0-0 Nbd7 7. Nbd2 h6 8. Bxf6 Nxf6 9. Ne5 c5 10. c3 b6 11. f4 Qc7 12. Qe2 Bd6 13. Rf3 Nd7 14. Rg3 f5 15. Ng6 Rf7 16. Nf3 Bb7 17. Nfe5 Bxe5 18. fxe5 Nf8 19. Rf1 Kh7 20. Qh5 Re8 21. Rf4 Nxg6 22. Rxg6 Qe7 23. g4 Bc8 24. g5 Qf8 25. Rh4 Rd7 26. gxh6 gxh6 27. Rxh6+ Qxh6 28. Qxh6+ Kg8 29. Qh8+ Kf7 30. Qf6+ Kg8 31. Qh8+ 1-0